| 000 | 00517nam a2200193Ia 4500 | ||
|---|---|---|---|
| 003 | OSt | ||
| 005 | 20250120163836.0 | ||
| 008 | 210210b1970 xxu||||| |||| 00| 0 eng d | ||
| 040 | _cAL | ||
| 041 | _aKannada | ||
| 082 | _aK894.2 SUNN | ||
| 100 |
_aSUNKAPURA (M S) ಸುಂಕಾಪುರ(ಎಂ ಎಸ್) _9139635 |
||
| 245 |
_aNatakatraya _bನಾಟಕತ್ರಯ |
||
| 260 |
_aDharavada _bShobha Grantamale _c1970 |
||
| 300 | _a102 | ||
| 690 |
_aKannada Drama _9139636 |
||
| 906 | _a027987 | ||
| 942 |
_2ddc _cBK |
||
| 999 |
_c79250 _d79250 |
||